[Event "81st ch-FRA"]
[Site "Besancon BRA"]
[Date "2006.08.14"]
[Round "1"]
[White "Bauer,Ch"]
[Black "Sokolov,And1"]
[Result "1/2-1/2"]
[WhiteElo "2599"]
[BlackElo "2589"]
[EventDate "2006.08.14"]

1. d4 Nf6 2. c4 e6 3. g3 d5 4. Nf3 Be7 5. Bg2 O-O 6. O-O dxc4 7. Qc2 a6 8.
Qxc4 b5 9. Qc2 Bb7 10. Bd2 Ra7 11. Rc1 Be4 12. Qb3 Nbd7 13. Ba5 Bd6 14.
Nbd2 Bd5 15. Qe3 Qa8 16. Bh3 Rc8 17. b4 Nb8 18. Bb6 Rb7 19. Bc5 Nc6 20. a3
a5 21. bxa5 Nxa5 22. Ne5 Bxe5 23. dxe5 Nd7 24. Bd4 1/2-1/2

[Event "81st ch-FRA"]
[Site "Besancon BRA"]
[Date "2006.08.14"]
[Round "1"]
[White "Colin,V"]
[Black "Libiszewski,F"]
[Result "1-0"]
[WhiteElo "2415"]
[BlackElo "2482"]
[EventDate "2006.08.14"]

1. c4 e5 2. g3 Nf6 3. Bg2 h6 4. Nf3 Nc6 5. d4 Bb4+ 6. Bd2 Bxd2+ 7. Qxd2 d6
8. d5 Ne7 9. Nc3 O-O 10. O-O a5 11. Ne1 Nd7 12. Nd3 f5 13. f4 e4 14. Ne1
Nb6 15. b3 c6 16. Nc2 cxd5 17. cxd5 Bd7 18. Rac1 Kh7 19. Ne3 Ng8 20. g4 g6
21. gxf5 gxf5 22. Qd4 Ne7 23. Kh1 Ng6 24. Rg1 Rf6 25. Nxe4 fxe4 26. Bxe4
Be8 27. Rc7+ Nd7 28. Ng4 Rf8 29. Rxd7+ Bxd7 30. Bxg6+ Kxg6 31. Nxh6+ Kh5
32. Qg7 Qf6 33. Rg5+ Kh4 34. Qxd7 1-0

[Event "81st ch-FRA"]
[Site "Besancon BRA"]
[Date "2006.08.14"]
[Round "1"]
[White "Dorfman,J"]
[Black "Vachier Lagrave,M"]
[Result "1/2-1/2"]
[WhiteElo "2586"]
[BlackElo "2577"]
[EventDate "2006.08.14"]

1. c4 Nf6 2. g3 g6 3. Bg2 Bg7 4. Nc3 c5 5. e3 O-O 6. Nge2 Nc6 7. O-O e6 8.
d4 cxd4 9. Nxd4 d5 10. cxd5 Nxd4 11. exd4 Nxd5 12. Nxd5 exd5 13. Qb3 Be6
14. Be3 1/2-1/2

[Event "81st ch-FRA"]
[Site "Besancon BRA"]
[Date "2006.08.14"]
[Round "1"]
[White "Fressinet,L"]
[Black "Fontaine,R"]
[Result "1/2-1/2"]
[WhiteElo "2626"]
[BlackElo "2518"]
[EventDate "2006.08.14"]

1. d4 Nf6 2. c4 e6 3. Nc3 Bb4 4. Qc2 O-O 5. a3 Bxc3+ 6. Qxc3 b6 7. Bg5 Bb7
8. e3 h6 9. Bh4 d6 10. Ne2 Nbd7 11. Qc2 c5 12. Rd1 Qe7 13. Nc3 cxd4 14.
Rxd4 Rfd8 15. Qd1 Nc5 16. f3 g5 17. Bf2 d5 18. Rd2 dxc4 19. Bxc4 Rxd2 20.
Qxd2 Rd8 21. Qc2 Nd5 22. O-O Qf6 23. Ne2 g4 24. e4 Nf4 25. Be3 Nxe2+ 26.
Bxe2 gxf3 27. Bxf3 Qe5 28. Qf2 Rd7 29. Bxh6 Ba6 30. Rd1 Rxd1+ 31. Bxd1 Nxe4
32. Qe3 Qc5 33. Qxc5 Nxc5 34. g4 Bc4 35. Be3 Ne4 36. Bc2 Bd5 37. Kf1 f6 38.
a4 Kg7 39. Ke2 e5 40. h4 Nd6 41. b3 Be6 42. Kf3 f5 43. gxf5 Nxf5 44. Bf2
Kf6 45. b4 Bd5+ 46. Be4 Bb3 47. a5 bxa5 48. bxa5 a6 49. Ke2 Nd6 50. Bc6
Bc4+ 51. Kd1 Bb5 52. Bg2 Kf5 53. Bh3+ 1/2-1/2

[Event "81st ch-FRA"]
[Site "Besancon BRA"]
[Date "2006.08.14"]
[Round "1"]
[White "Lautier,J"]
[Black "Nataf,IA"]
[Result "1/2-1/2"]
[WhiteElo "2675"]
[BlackElo "2592"]
[EventDate "2006.08.14"]

1. d4 Nf6 2. c4 g6 3. Nc3 Bg7 4. e4 d6 5. f3 O-O 6. Bg5 c5 7. d5 h6 8. Bf4
Nh5 9. Be3 e5 10. Qd2 Kh7 11. Bd3 f5 12. exf5 Bxf5 13. O-O-O Bxd3 14. Qxd3
Na6 15. g3 1/2-1/2

[Event "81st ch-FRA"]
[Site "Besancon BRA"]
[Date "2006.08.14"]
[Round "1"]
[White "Vaisser,A"]
[Black "Tkachiev,V"]
[Result "1/2-1/2"]
[WhiteElo "2568"]
[BlackElo "2645"]
[EventDate "2006.08.14"]

1. d4 d5 2. c4 c6 3. cxd5 cxd5 4. Nc3 Nf6 5. Bf4 Nc6 6. e3 Bf5 7. Rc1 e6 8.
Qb3 Bb4 9. Bb5 Bxc3+ 10. Rxc3 O-O 11. Bxc6 bxc6 12. f3 Nh5 13. Ne2 Nxf4 14.
Nxf4 Rb8 15. Qa3 Rb5 16. Rxc6 Ra5 17. Qb3 Qb8 18. O-O Rb5 19. Qa3 Rxb2 20.
Rfc1 h6 21. Rc7 Rb7 22. Rxb7 Qxb7 23. g4 Bb1 24. Qb3 Qxb3 25. axb3 Ba2 26.
Ra1 1/2-1/2

[Event "81st ch-FRA"]
[Site "Besancon BRA"]
[Date "2006.08.15"]
[Round "2"]
[White "Libiszewski,F"]
[Black "Fressinet,L"]
[Result "0-1"]
[WhiteElo "2482"]
[BlackElo "2626"]
[EventDate "2006.08.14"]

1. d4 d5 2. c4 e6 3. Nf3 Nf6 4. e3 Nbd7 5. Bd3 dxc4 6. Bxc4 a6 7. O-O c5 8.
dxc5 Bxc5 9. a3 O-O 10. b4 Be7 11. Bb2 b5 12. Be2 Bb7 13. Nbd2 Bd6 14. Nb3
Qe7 15. Nfd4 Rac8 16. Na5 Bd5 17. f3 Nh5 18. Rf2 f5 19. g3 Nhf6 20. Bf1 Ne5
21. Rc1 h5 22. Rxc8 Rxc8 23. Bg2 Qf7 24. Rc2 Rxc2 25. Qxc2 Qc7 26. Qxc7
Bxc7 27. e4 fxe4 28. fxe4 Ba2 29. Nb7 Nd3 30. Bc3 Bc4 31. Nc5 Bb6 32. Nxd3
Bxd3 33. e5 Nd7 34. Kh1 Bc4 35. Nf3 Be3 36. Bb2 Kf7 37. h4 Bd5 38. Ne1 Bf2
0-1

[Event "81st ch-FRA"]
[Site "Besancon BRA"]
[Date "2006.08.15"]
[Round "2"]
[White "Vachier Lagrave,M"]
[Black "Lautier,J"]
[Result "1/2-1/2"]
[WhiteElo "2577"]
[BlackElo "2675"]
[EventDate "2006.08.14"]

1. e4 c5 2. Nf3 e6 3. d4 cxd4 4. Nxd4 Nc6 5. Nc3 a6 6. Nxc6 bxc6 7. Bd3 d5
8. O-O Nf6 9. Qe2 Be7 10. b3 O-O 11. Bb2 Bb7 12. Rad1 c5 13. Na4 Qc7 14.
exd5 Bxd5 15. c4 Bc6 16. Be5 Qa7 17. Nc3 Rad8 18. Ne4 Nxe4 19. Bxe4 Qb7 20.
Bxc6 Qxc6 21. Qf3 Qxf3 22. gxf3 f6 23. Bc3 1/2-1/2

[Event "81st ch-FRA"]
[Site "Besancon BRA"]
[Date "2006.08.15"]
[Round "2"]
[White "Sokolov,And1"]
[Black "Dorfman,J"]
[Result "1/2-1/2"]
[WhiteElo "2589"]
[BlackElo "2586"]
[EventDate "2006.08.14"]

1. e4 c6 2. d4 d5 3. Nc3 dxe4 4. Nxe4 Bf5 5. Ng3 Bg6 6. h4 h6 7. Nf3 Nd7 8.
h5 Bh7 9. Bd3 Bxd3 10. Qxd3 e6 11. Bf4 Qa5+ 12. Bd2 Bb4 13. c3 Be7 14. Qe2
Ngf6 15. Ne5 O-O 16. O-O Rad8 17. b4 Qc7 18. f4 Rfe8 19. Rae1 a5 20. a3
axb4 21. axb4 Bd6 1/2-1/2

[Event "81st ch-FRA"]
[Site "Besancon BRA"]
[Date "2006.08.15"]
[Round "2"]
[White "Tkachiev,V"]
[Black "Nataf,IA"]
[Result "1/2-1/2"]
[WhiteElo "2645"]
[BlackElo "2592"]
[EventDate "2006.08.14"]

1. d4 Nf6 2. c4 g6 3. Nc3 Bg7 4. e4 d6 5. Nf3 O-O 6. Be2 e5 7. Be3 Ng4 8.
Bg5 f6 9. Bh4 Nc6 10. d5 Ne7 11. Nd2 Nh6 12. f3 c5 13. Rb1 Nf7 14. b4 b6
15. O-O f5 16. Kh1 Bh6 17. bxc5 bxc5 18. Bd3 Bxd2 19. Qxd2 f4 20. Bc2 g5
21. Bf2 Ng6 22. Ba4 a6 23. Bc6 Ra7 24. Rb8 g4 25. fxg4 Qg5 26. Na4 f3 27.
Qxg5 fxg2+ 28. Kxg2 Nxg5 29. Bxc5 Nh4+ 30. Kg3 Rxf1 31. Bxa7 Ng6 32. Rxc8+
Kg7 33. Bf2 Nf4 34. Nc5 dxc5 35. d6 Rd1 36. d7 Ne2+ 37. Kg2 Nf4+ 38. Kg3
Ne2+ 39. Kg2 Nf4+ 1/2-1/2

[Event "81st ch-FRA"]
[Site "Besancon BRA"]
[Date "2006.08.15"]
[Round "2"]
[White "Vaisser,A"]
[Black "Colin,V"]
[Result "0-1"]
[WhiteElo "2568"]
[BlackElo "2415"]
[EventDate "2006.08.14"]

1. b3 d5 2. Bb2 Bg4 3. f3 Bh5 4. Nh3 f6 5. d4 c5 6. Nf4 Bf7 7. e4 e6 8.
Bb5+ Nc6 9. Qe2 dxe4 10. Qxe4 Qd7 11. d5 O-O-O 12. dxc6 Qd1+ 13. Kf2 Qxh1
14. Na3 Qxh2 15. Nc4 Ne7 16. cxb7+ Kb8 17. Na5 Qh4+ 18. Kg1 Qg5 19. Nxe6
Bxe6 20. Qxe6 Rd2 21. Bf1 Qd5 22. Qe1 Qd7 23. Bb5 Qd8 24. Bc3 Rd6 25. Qg3
Qc7 26. Re1 Rb6 27. Qxc7+ Kxc7 28. Bc4 Ng6 29. Bd5 Bd6 30. Nc4 Ra6 31. Ba5+
Kb8 32. a4 Ne7 33. Bf7 Nc6 34. Bc3 Bc7 35. Bd5 Rd8 36. Be4 Bg3 37. Rb1 Nd4
38. Bxd4 Rxd4 39. Kf1 g6 40. c3 Rd7 41. Ke2 f5 42. Bd3 Re6+ 43. Kd2 Re1 44.
Rxe1 Bxe1+ 45. Kc2 Kxb7 46. g4 fxg4 47. fxg4 Kc7 48. Ne3 Bf2 49. Ng2 Rf7
50. Be4 Kd6 51. Kd3 Ke5 52. Bc6 h5 53. Be8 Rf8 54. Bxg6 h4 55. Ne3 Bxe3 0-1

[Event "81st ch-FRA"]
[Site "Besancon BRA"]
[Date "2006.08.15"]
[Round "2"]
[White "Fontaine,R"]
[Black "Bauer,Ch"]
[Result "1-0"]
[WhiteElo "2518"]
[BlackElo "2599"]
[EventDate "2006.08.14"]

1. d4 d5 2. Nf3 Nf6 3. c4 e6 4. Nc3 dxc4 5. e4 Bb4 6. Bg5 c5 7. e5 h6 8.
exf6 hxg5 9. fxg7 Rg8 10. Bxc4 g4 11. Nd2 Qxd4 12. O-O Bd7 13. Qe2 Nc6 14.
Nde4 Qe5 15. Nb5 f5 16. f4 gxf3 17. Qxf3 Ke7 18. Qh5 Rxg7 19. Qh4+ Kf8 20.
Nf6 Nd4 21. Nxd4 Qxd4+ 22. Qxd4 cxd4 23. Nxd7+ Rxd7 24. Bxe6 Rd6 25. Bxf5
Kg7 26. Bd3 Re8 27. Rf3 Re3 28. Raf1 Rd7 29. g3 Rc7 30. Kg2 Bd2 31. h4 Bc1
32. b3 a6 33. g4 b5 34. g5 Bd2 35. Kg3 Rxf3+ 36. Rxf3 Rc1 37. Kg4 Rh1 38.
Rh3 Rd1 39. Kf5 Be3 40. Ke4 Rg1 41. Rh2 Re1 42. Kd5 Rd1 43. Bc2 Rf1 44. Be4
Rf8 45. Bd3 Rh8 46. Ke5 Bg1 47. Rc2 Re8+ 48. Kf5 Re3 49. Rc7+ Kf8 50. Kf6
Rf3+ 51. Bf5 Rc3 52. Ra7 1-0

[Event "81st ch-FRA"]
[Site "Besancon BRA"]
[Date "2006.08.16"]
[Round "3"]
[White "Colin,V"]
[Black "Tkachiev,V"]
[Result "0-1"]
[WhiteElo "2415"]
[BlackElo "2645"]
[EventDate "2006.08.14"]

1. d4 d5 2. Nf3 Nf6 3. Bf4 c5 4. c3 Qb6 5. Qb3 Nc6 6. dxc5 Qxc5 7. e3 g6 8.
Qb5 Ne4 9. Nbd2 a6 10. Qxc5 Nxc5 11. Nb3 e6 12. Nxc5 Bxc5 13. Bd3 f6 14. e4
dxe4 15. Bxe4 e5 16. Be3 Bxe3 17. fxe3 Be6 18. b3 O-O-O 19. Kf2 Kc7 20.
Rhd1 a5 21. c4 Rxd1 22. Rxd1 a4 23. Bd5 Bf5 24. e4 Bd7 25. Rb1 axb3 26.
axb3 Ra8 27. b4 Ra4 28. b5 Nb4 29. Bg8 h6 30. Rd1 Ra2+ 31. Kg3 Ra3 32. b6+
Kc6 33. c5 Nd3 34. Bd5+ Kxc5 35. Bxb7 Kxb6 36. Bd5 Kc5 37. Rd2 g5 38. Rc2+
Kd6 39. Ra2 Rc3 40. Ra6+ Ke7 41. Rb6 Nf4 0-1

[Event "81st ch-FRA"]
[Site "Besancon BRA"]
[Date "2006.08.16"]
[Round "3"]
[White "Dorfman,J"]
[Black "Fontaine,R"]
[Result "1/2-1/2"]
[WhiteElo "2586"]
[BlackElo "2518"]
[EventDate "2006.08.14"]

1. d4 Nf6 2. c4 e6 3. Nf3 b6 4. g3 Bb7 5. Bg2 Be7 6. O-O O-O 7. b3 d5 8.
cxd5 Bxd5 9. Nc3 Bb7 10. Bb2 Nbd7 11. Rc1 c5 12. dxc5 Nxc5 13. Qc2 Rc8 14.
Rfd1 Qe8 15. Qb1 h6 16. Ne5 Bxg2 17. Kxg2 Rd8 18. f3 Rxd1 19. Rxd1 Qc8 20.
Rd2 Ncd7 21. Nxd7 Nxd7 22. Ne4 Rd8 23. Qd1 Nb8 1/2-1/2

[Event "81st ch-FRA"]
[Site "Besancon BRA"]
[Date "2006.08.16"]
[Round "3"]
[White "Bauer,Ch"]
[Black "Libiszewski,F"]
[Result "1-0"]
[WhiteElo "2599"]
[BlackElo "2482"]
[EventDate "2006.08.14"]

1. e4 e6 2. d4 d5 3. Nd2 Be7 4. Bd3 c5 5. dxc5 Nf6 6. Qe2 Nc6 7. Ngf3 Nb4
8. Nb3 Nxd3+ 9. cxd3 a5 10. Bg5 h6 11. Bxf6 Bxf6 12. e5 Be7 13. Rc1 a4 14.
Nbd2 Qa5 15. Qe3 b6 16. cxb6 Bd8 17. Qc5 Qxc5 18. Rxc5 Bxb6 19. Rc6 Rb8 20.
Ke2 Bd7 21. Rc2 O-O 22. b3 f5 23. bxa4 g5 24. Rb1 g4 25. Nh4 Bd4 26. Ng6
Rxb1 27. Nxf8 Rb7 28. Nxd7 Rxd7 29. Rc6 Kf7 30. Nb3 Bxe5 31. g3 Rc7 32.
Rxc7+ Bxc7 33. a5 Ke7 34. Nd4 Kd7 35. a6 Bb6 36. Nb5 Kc6 37. a7 Kb7 38. d4
Bd8 39. Ke3 Bg5+ 40. Kd3 Bd8 41. a4 h5 42. Nd6+ Kxa7 43. Ne8 h4 44. Ng7 f4
45. gxf4 1-0

[Event "81st ch-FRA"]
[Site "Besancon BRA"]
[Date "2006.08.16"]
[Round "3"]
[White "Fressinet,L"]
[Black "Vaisser,A"]
[Result "1-0"]
[WhiteElo "2626"]
[BlackElo "2568"]
[EventDate "2006.08.14"]

1. e4 e6 2. d4 d5 3. Nc3 dxe4 4. Nxe4 Nd7 5. Nf3 Ngf6 6. Nxf6+ Nxf6 7. Be3
Nd5 8. Bd2 c5 9. dxc5 Bxc5 10. Bd3 O-O 11. Qe2 Nb4 12. Bxb4 Bxb4+ 13. c3
Be7 14. O-O-O Qa5 15. Kb1 Bf6 16. h4 Rd8 17. Ng5 g6 18. Qf3 Bxg5 19. hxg5
Qxg5 20. Rxh7 Rd7 21. Rdh1 Kf8 22. Rh8+ Ke7 23. R1h7 Kd6 24. Rxf7 Rxf7 25.
Qxf7 e5 26. Rh7 1-0

[Event "81st ch-FRA"]
[Site "Besancon BRA"]
[Date "2006.08.17"]
[Round "4"]
[White "Vaisser,A"]
[Black "Bauer,Ch"]
[Result "1/2-1/2"]
[WhiteElo "2568"]
[BlackElo "2599"]
[EventDate "2006.08.14"]

1. d4 d5 2. c4 e6 3. Nc3 c6 4. e3 Nf6 5. Nf3 Nbd7 6. b3 Bb4 7. Bd2 O-O 8.
Be2 Qe7 9. O-O b6 10. cxd5 exd5 11. Bd3 Bb7 12. Re1 c5 13. a3 Bxc3 14. Bxc3
Ne4 15. Bb2 Qe6 16. dxc5 bxc5 17. b4 Rfd8 18. bxc5 Ndxc5 19. Nd4 Qf6 20. f3
Nxd3 21. Qxd3 1/2-1/2

[Event "81st ch-FRA"]
[Site "Besancon BRA"]
[Date "2006.08.17"]
[Round "4"]
[White "Tkachiev,V"]
[Black "Vachier Lagrave,M"]
[Result "1-0"]
[WhiteElo "2645"]
[BlackElo "2577"]
[EventDate "2006.08.14"]

1. Nf3 Nf6 2. c4 c5 3. g3 g6 4. d4 cxd4 5. Nxd4 Bg7 6. Bg2 O-O 7. Nc3 Qc7
8. b3 d5 9. O-O dxc4 10. Ncb5 Qb6 11. bxc4 a6 12. Nc3 Rd8 13. Be3 e6 14.
Qb3 Qc7 15. Rad1 Nbd7 16. Na4 Ng4 17. Bg5 Bf6 18. Bxf6 Ndxf6 19. Qb6 Rd7
20. c5 Rb8 21. Qa7 e5 22. Nc6 bxc6 23. Rxd7 1-0

[Event "81st ch-FRA"]
[Site "Besancon BRA"]
[Date "2006.08.17"]
[Round "4"]
[White "Libiszewski,F"]
[Black "Dorfman,J"]
[Result "1/2-1/2"]
[WhiteElo "2482"]
[BlackElo "2586"]
[EventDate "2006.08.14"]

1. e4 e5 2. Nf3 Nc6 3. Bb5 Nf6 4. d3 d6 5. O-O Be7 6. Re1 O-O 7. c3 a6 8.
Ba4 b5 9. Bb3 Na5 10. Bc2 c5 11. Nbd2 Re8 12. Nf1 h6 13. Ng3 Bf8 14. h3 g6
15. Nh2 Bg7 16. f4 exf4 17. Bxf4 h5 18. Nf3 Nh7 19. Qd2 Bb7 20. Ng5 Nxg5
21. Bxg5 Qc7 22. Bf4 Nc6 23. Nf1 Ne5 24. Ne3 c4 25. d4 Nd3 26. Bxd3 cxd3
27. Nd5 Bxd5 28. exd5 Qc4 29. Bxd6 Qxd5 30. Be7 Ra7 31. Bc5 Rxe1+ 32. Rxe1
Rd7 33. b3 a5 34. Rd1 a4 35. Qxd3 axb3 36. axb3 Qxb3 37. Rb1 Bxd4+ 38. Bxd4
Rxd4 39. Qxg6+ 1/2-1/2

[Event "81st ch-FRA"]
[Site "Besancon BRA"]
[Date "2006.08.17"]
[Round "4"]
[White "Fontaine,R"]
[Black "Lautier,J"]
[Result "1-0"]
[WhiteElo "2518"]
[BlackElo "2675"]
[EventDate "2006.08.14"]

1. e4 c5 2. Nf3 d6 3. d4 cxd4 4. Nxd4 Nf6 5. Nc3 a6 6. g3 e5 7. Nb3 Be6 8.
Bg2 Nbd7 9. O-O Rc8 10. Bd2 Nb6 11. Nd5 Bxd5 12. exd5 Nc4 13. Bc3 Qb6 14.
a4 Be7 15. a5 Qb5 16. Qd3 O-O 17. Rfd1 Rc7 18. Nc1 e4 19. Qd4 Ne5 20. Qa4
Rc5 21. Bxe4 Nc4 22. Qxb5 Rxb5 23. Bf3 Nxb2 24. Re1 Bd8 25. Be2 Nxd5 26.
Bxb5 Nxc3 27. Bf1 Bf6 28. Ra3 Nba4 29. Nd3 Rc8 30. Bg2 d5 31. Bxd5 Nxd5 32.
Rxa4 g6 33. c4 Nc3 34. Rb4 Rd8 35. Nc5 Rd4 36. Rxb7 Rxc4 37. Re8+ Kg7 38.
Ne6+ Kh6 39. Rxf7 1-0

[Event "81st ch-FRA"]
[Site "Besancon BRA"]
[Date "2006.08.17"]
[Round "4"]
[White "Colin,V"]
[Black "Fressinet,L"]
[Result "0-1"]
[WhiteElo "2415"]
[BlackElo "2626"]
[EventDate "2006.08.14"]

1. c4 e6 2. d4 d5 3. cxd5 exd5 4. Nc3 c6 5. Bf4 Nf6 6. e3 Bf5 7. Bd3 Bxd3
8. Qxd3 Nbd7 9. Nf3 Be7 10. h3 O-O 11. O-O Re8 12. Qc2 Bf8 13. Qb3 Qb6 14.
Nd2 g6 15. Rac1 Nh5 16. Bh2 Ng7 17. Na4 Qa6 18. Nf3 Ne6 19. Ne5 Nxe5 20.
Bxe5 b5 21. Nc3 Nc5 22. dxc5 Rxe5 23. Rfd1 Rae8 24. Ne2 Re4 25. Nd4 Bg7 26.
a4 bxa4 27. Qb4 Bxd4 28. Rxd4 Rxd4 29. exd4 Qe2 30. Ra1 Re6 31. Rxa4 Rf6
32. f3 Qe3+ 33. Kh2 Qf4+ 34. Kh1 Re6 35. Ra1 Re2 36. Rd1 Kg7 37. Qb7 Qg5
38. Rg1 Qf6 39. b4 Rb2 40. Qa6 Rxb4 41. Rd1 h5 42. f4 h4 43. Kg1 Rxd4 0-1

[Event "81st ch-FRA"]
[Site "Besancon BRA"]
[Date "2006.08.17"]
[Round "4"]
[White "Sokolov,And1"]
[Black "Nataf,IA"]
[Result "1-0"]
[WhiteElo "2589"]
[BlackElo "2592"]
[EventDate "2006.08.14"]

1. e4 c5 2. Nf3 Nc6 3. d4 cxd4 4. Nxd4 Nf6 5. Nc3 e5 6. Ndb5 d6 7. Bg5 a6
8. Na3 b5 9. Nd5 Qa5+ 10. Bd2 Qd8 11. Bg5 Qa5+ 12. Bd2 Qd8 13. Bd3 Nxd5 14.
exd5 Ne7 15. c4 g6 16. cxb5 Bg7 17. O-O O-O 18. bxa6 Bxa6 19. Bxa6 Rxa6 20.
Nb5 Nxd5 21. a4 Qd7 22. b3 Re8 23. Rc1 e4 24. Rc4 Qf5 25. h3 h5 26. Re1 Re7
27. Qe2 Nf6 28. Bb4 Qd7 29. Rd1 e3 30. fxe3 Ne4 31. Rc7 Qe6 32. Nd4 Ng3 33.
Nxe6 Nxe2+ 34. Kf2 Rxe6 35. Kxe2 Rb6 36. Rc4 Bh6 37. Rd3 d5 38. Rc8+ Kh7
39. Bc5 Rb7 40. b4 1-0

[Event "81st ch-FRA"]
[Site "Besancon BRA"]
[Date "2006.08.18"]
[Round "5"]
[White "Lautier,J"]
[Black "Libiszewski,F"]
[Result "1-0"]
[WhiteElo "2675"]
[BlackElo "2482"]
[EventDate "2006.08.14"]

1. d4 d5 2. c4 c6 3. Nf3 Nf6 4. e3 a6 5. Bd3 Bg4 6. Nbd2 e6 7. Qc2 Nbd7 8.
b3 Bd6 9. Bb2 Qb8 10. h3 Bxf3 11. Nxf3 O-O 12. O-O Re8 13. Rac1 h6 14. Rfd1
e5 15. dxe5 Nxe5 16. cxd5 Nxd3 17. Qxd3 Nxd5 18. e4 Nf4 19. Qxd6 Ne2+ 20.
Kf1 Qxd6 21. Rxd6 Nxc1 22. Bxc1 Rxe4 23. Rd7 Rb4 24. Nd4 c5 25. Nf5 c4 26.
Ne7+ Kh7 27. Nd5 Rb5 28. b4 1-0

[Event "81st ch-FRA"]
[Site "Besancon BRA"]
[Date "2006.08.18"]
[Round "5"]
[White "Vachier Lagrave,M"]
[Black "Sokolov,And1"]
[Result "1-0"]
[WhiteElo "2577"]
[BlackElo "2589"]
[EventDate "2006.08.14"]

1. e4 c5 2. Nf3 e6 3. d4 cxd4 4. Nxd4 Nc6 5. Nc3 d6 6. g4 a6 7. Be3 Nge7 8.
Nb3 b5 9. Qd2 Ng6 10. O-O-O Nge5 11. h3 Na5 12. Nxa5 Qxa5 13. f4 Nc6 14.
Kb1 Be7 15. g5 Bb7 16. Qf2 Qc7 17. h4 Rc8 18. Bh3 b4 19. Nd5 exd5 20. Bb6
Qb8 21. exd5 b3 22. c3 bxa2+ 23. Ka1 Na5 24. Bxa5 Rc5 25. Bb4 Rxd5 26. Rxd5
Bxd5 27. Re1 a5 28. Ba3 Kd8 29. Qd4 Qb7 30. c4 1-0

[Event "81st ch-FRA"]
[Site "Besancon BRA"]
[Date "2006.08.18"]
[Round "5"]
[White "Nataf,IA"]
[Black "Fontaine,R"]
[Result "1/2-1/2"]
[WhiteElo "2592"]
[BlackElo "2518"]
[EventDate "2006.08.14"]

1. e4 d5 2. exd5 Qxd5 3. Nc3 Qd6 4. d4 Nf6 5. Nf3 c6 6. Ne5 Nbd7 7. Nc4 Qc7
8. Qf3 Nb6 9. Ne5 Be6 10. Bf4 Nbd5 11. Bg3 Qb6 12. O-O-O g6 13. a3 Bh6+ 14.
Kb1 Qa5 15. Nxd5 Bxd5 16. Qd3 Ne4 17. f3 Nxg3 18. hxg3 Bg7 19. Qe3 O-O-O
1/2-1/2

[Event "81st ch-FRA"]
[Site "Besancon BRA"]
[Date "2006.08.18"]
[Round "5"]
[White "Bauer,Ch"]
[Black "Colin,V"]
[Result "1/2-1/2"]
[WhiteElo "2599"]
[BlackElo "2415"]
[EventDate "2006.08.14"]

1. e4 c5 2. Nf3 g6 3. d4 cxd4 4. Qxd4 Nf6 5. e5 Nc6 6. Qa4 Nd5 7. Qe4 Nc7
8. Nc3 Bg7 9. Bf4 b6 10. Qe3 h5 11. Rd1 Bb7 12. Bc4 Na5 13. Be2 Ne6 14. O-O
Qc7 15. Rfe1 Nc4 16. Bxc4 Qxc4 17. Nd4 Nxd4 18. Rxd4 Qc6 19. f3 Qe6 20. Qd2
Rc8 21. a4 Bc6 22. h4 O-O 23. Re2 Rc7 24. Bh6 f6 25. Bxg7 Kxg7 26. Rd6 Qc4
27. exf6+ exf6 28. Re7+ Rf7 29. Rd4 Qc5 30. Re3 a5 31. Kh2 Rc8 32. Ne2 Re7
33. Rxe7+ Qxe7 34. Nf4 Re8 35. Qd3 f5 36. Nh3 Qe5+ 37. Nf4 Qe1 38. Nh3 Qe5+
39. Nf4 Qe1 40. Nh3 Qe5+ 41. Nf4 1/2-1/2

[Event "81st ch-FRA"]
[Site "Besancon BRA"]
[Date "2006.08.18"]
[Round "5"]
[White "Dorfman,J"]
[Black "Vaisser,A"]
[Result "1/2-1/2"]
[WhiteElo "2586"]
[BlackElo "2568"]
[EventDate "2006.08.14"]

1. d4 Nf6 2. c4 c5 3. d5 b5 4. cxb5 a6 5. bxa6 g6 6. Nc3 Bxa6 7. g3 d6 8.
Bg2 Nbd7 9. Nf3 Bg7 10. Rb1 O-O 11. O-O Qa5 12. Qc2 Nb6 13. Rd1 Bb7 14. Bd2
Nc4 15. Be1 Nd7 16. Qe4 Nde5 17. Nxe5 Nxe5 18. b4 cxb4 19. Qxb4 Qxb4 20.
Rxb4 Ba6 21. a4 Rfc8 22. Nb5 Nc4 23. Bf1 Bxb5 24. axb5 Nb6 25. Rb3 Ra4 26.
f3 Bd4+ 27. Rxd4 Rxd4 28. Bf2 Rd1 29. Bxb6 Rcc1 30. Kg2 Rxf1 31. Bd4 Rb1
32. Bb2 Rfc1 33. b6 Rc8 34. b7 Rb8 35. Rc3 Rxb2 36. Rc8+ Kg7 37. Rxb8 Rxe2+
38. Kh3 Rb2 39. g4 g5 40. Kg3 h6 41. h4 Rb3 42. hxg5 hxg5 43. Kf2 Kf6 44.
Kg3 Rb2 45. Kh3 Ke5 46. Rf8 Rxb7 47. Rxf7 Kxd5 48. Rf5+ Ke6 1/2-1/2

[Event "81st ch-FRA"]
[Site "Besancon BRA"]
[Date "2006.08.18"]
[Round "5"]
[White "Fressinet,L"]
[Black "Tkachiev,V"]
[Result "1/2-1/2"]
[WhiteElo "2626"]
[BlackElo "2645"]
[EventDate "2006.08.14"]

1. e4 e5 2. Nf3 Nc6 3. Bb5 a6 4. Ba4 Nf6 5. O-O Be7 6. Re1 b5 7. Bb3 O-O 8.
d4 d6 9. c3 Bg4 10. d5 Na5 11. Bc2 c6 12. h3 Bc8 13. dxc6 Qc7 14. Bg5 h6
15. Bh4 Nc4 16. Qc1 Qxc6 17. Nbd2 Nb6 18. Nf1 Re8 19. Bxf6 Bxf6 20. Ne3 Be6
21. Qd1 Red8 22. Qd3 Nc4 23. Nxc4 bxc4 24. Qe3 Rab8 25. Rab1 Rdc8 26. Rec1
Rb7 27. b4 cxb3 28. Bxb3 Rcb8 29. c4 Rb4 30. Rb2 Qc5 31. Qe2 Bg5 32. Nxg5
hxg5 33. Rd2 g6 34. Qd1 R4b6 35. Rc3 a5 36. Kh2 Kg7 37. Rcd3 Rh8 38. Kg1
Rh4 39. Qe1 g4 40. hxg4 Rxg4 41. Qe3 Rb4 42. f3 Rh4 43. Qxc5 dxc5 44. a3
Rb8 45. Ba4 Rbh8 46. Kf2 Rh1 1/2-1/2

[Event "81st ch-FRA"]
[Site "Besancon BRA"]
[Date "2006.08.19"]
[Round "6"]
[White "Colin,V"]
[Black "Dorfman,J"]
[Result "1/2-1/2"]
[WhiteElo "2415"]
[BlackElo "2586"]
[EventDate "2006.08.14"]

1. e4 c5 2. Nf3 d6 3. d4 cxd4 4. Qxd4 a6 5. Bg5 Nc6 6. Qd2 h6 7. Bh4 g5 8.
Bg3 Nf6 9. Nc3 Nh5 10. Nd5 Bg7 11. c3 Be6 12. Be2 Rb8 13. O-O Nxg3 14. hxg3
O-O 15. Ne3 b5 16. Nd4 Nxd4 17. cxd4 Qb6 18. Rfd1 Qb7 19. d5 Bd7 20. Bg4
Bxg4 21. Nxg4 Rbc8 22. Rac1 Rc4 23. Rxc4 bxc4 24. Ne3 Qxb2 25. Qxb2 Bxb2
26. Nxc4 Bf6 27. Rb1 Rc8 1/2-1/2

[Event "81st ch-FRA"]
[Site "Besancon BRA"]
[Date "2006.08.19"]
[Round "6"]
[White "Libiszewski,F"]
[Black "Nataf,IA"]
[Result "1-0"]
[WhiteElo "2482"]
[BlackElo "2592"]
[EventDate "2006.08.14"]

1. e4 e5 2. Nf3 Nc6 3. Bb5 f5 4. d3 Nf6 5. exf5 Ne7 6. g4 Nxg4 7. Ng5 c6 8.
Qxg4 h5 9. Qe4 cxb5 10. Qxe5 d6 11. Qxb5+ Bd7 12. Qb3 Qa5+ 13. Nc3 Qxf5 14.
Be3 O-O-O 15. O-O-O d5 16. Rhg1 Kb8 17. Rg3 Be8 18. Rf3 Qd7 19. Nf7 Bxf7
20. Rxf7 Qe6 21. Rf3 Nc6 22. Nb5 g5 23. Qc3 d4 24. Nxd4 Nxd4 25. Bxd4 Qd5
26. Bxh8 Qxf3 27. Be5+ Bd6 28. Qc5 Bxe5 29. Qxe5+ Kc8 30. Qc5+ Kb8 31. Qxg5
Rd6 32. Qe5 Kc7 33. Rg1 Qxf2 34. Rg6 Qf1+ 35. Kd2 Qf2+ 36. Kc3 1-0

[Event "81st ch-FRA"]
[Site "Besancon BRA"]
[Date "2006.08.19"]
[Round "6"]
[White "Fressinet,L"]
[Black "Bauer,Ch"]
[Result "1-0"]
[WhiteElo "2626"]
[BlackElo "2599"]
[EventDate "2006.08.14"]

1. e4 c5 2. Nf3 Nc6 3. d4 cxd4 4. Nxd4 Nf6 5. Nc3 d6 6. Bc4 Qb6 7. Nb3 e6
8. Bf4 Ne5 9. Be2 Bd7 10. Qd2 a6 11. f3 Qc7 12. g4 h6 13. h4 b5 14. Bh2 Rc8
15. a3 Rb8 16. g5 Nh5 17. O-O-O g6 18. f4 Nc4 19. Qd3 hxg5 20. hxg5 Qb6 21.
f5 Qe3+ 22. Kb1 Rc8 23. fxg6 fxg6 24. e5 Rg8 25. Bxh5 gxh5 26. Ne4 Kd8 27.
exd6 Bg7 28. Nf6 Qxg5 29. Nxg8 Nxb2 30. Qg3 Qxg3 31. Bxg3 Nxd1 32. Rxd1 Rc4
33. Rg1 Rg4 34. Bh4+ 1-0